| 000 | 01195nam a2200349Ii 4500 | ||
|---|---|---|---|
| 001 | DIGLINK00850 | ||
| 003 | NyNyDIG | ||
| 006 | m o d | ||
| 007 | cr ||||||||||| | ||
| 008 | 140401s2011 sp o 000 0 spa d | ||
| 020 |
_a9788498970142 _q(eBook) |
||
| 020 | _z9788496290259 | ||
| 040 |
_aDGITA _beng _epn _cDGITA |
||
| 050 | 1 | 4 | _aBX4700.T4 eBook |
| 100 | 1 |
_aTeresa, of Avila, _cSaint, _d1515-1582. |
|
| 245 | 1 | 0 |
_aAntología : _bcartas varias / _cSanta Teresa de Jesús. |
| 264 | 1 |
_aBarcelona : _bwww.Linkgua.com, _c2011. |
|
| 300 | _a1 online resource (150 pages) | ||
| 336 |
_atext _btxt _2rdacontent |
||
| 337 |
_acomputer _bc _2rdamedia |
||
| 338 |
_aonline resource _bcr _2rdacarrier |
||
| 490 | 1 | _aReligión. | |
| 600 | 1 | 0 |
_aTeresa, of Avila, _cSaint, _d1515-1582 _vCorrespondence. |
| 650 | 0 |
_aChristian saints _zSpain _zAvila _vCorrespondence. |
|
| 655 | 0 | _aElectronic books. | |
| 791 | 2 |
_aDigitalia (Firm), _edistributor. |
|
| 830 | 0 | _aReligión (Linkgua Ediciones) | |
| 793 | 0 |
_gDigitalia eBook Collection: _aLinkgua. |
|
| 856 | 4 | 0 |
_3Digitalia Hispánica _uhttps://www.digitaliapublishing.com/a/15119/ |
| 910 | _aPremium Collection: 2007-2012 | ||
| 942 | _cRAA | ||
| 999 |
_c233965 _d233965 |
||